000
00302nam a2200133Ia 4500
008
240624s9999 xx 000 0 und d
041
_a
eng
082
_a
659.1 OGI
100
_a
OGILVY DAVID
245
_a
OGILVY ON ADVERTISING
260
_c
1985
_a
Group,1985
300
_a
224 , p.
365
_c
RS
_b
30
999
_c
29316
_d
29316